| 000 | 01181nam a2200241 i 4500 | ||
|---|---|---|---|
| 001 | 152897 | ||
| 003 | ES-MaACL | ||
| 005 | 20230906204922.0 | ||
| 008 | 931025s1872 sp |||| | spa d | ||
| 080 | _a576.31 | ||
| 100 | 1 |
_aSaez y Domingo, Gregorio. _9101388 |
|
| 245 | 1 | 0 |
_aDiscursos leídos en la sesión inaugural del Ateneo Médico-Quirúrgico : _bcelebrada el día 17 de noviembre de 1872 por D. Gregorio Sáez y Domínguez, secretario primero, y... D. Andrés del Busto y López, presidente del mismo. |
| 260 |
_aMadrid : _b[s.n.], _c1872 ( _fImp. de José M. Ducazcal) |
||
| 300 |
_a42 p. ; _c26 cm. |
||
| 530 | _aDisponible en formato digital. | ||
| 594 | _aTema del discurso: "De la trasplantación celular" (p. 13) | ||
| 650 | 4 |
_aCelulas. _9135744 |
|
| 700 | 1 |
_aBusto y López, Andrés del. _932918 |
|
| 710 | 2 |
_aAteneo Médico-Quirúrgico. _92048 |
|
| 852 | 4 |
_aES-MaACL _jT-142-F-4 _z- Enc. hol., falto de cub. original _z- Enc. en un vol. facticio |
|
| 852 | 4 |
_aES-MaACL _jT-142-F-5 _z- Enc. hol., falto de cub. original _z- Enc. en un vol. facticio |
|
| 856 | 4 |
_uhttp://bdh-rd.bne.es/viewer.vm?id=0000059436&page=1 _zBiblioteca Digital Hispánica |
|
| 999 |
_c152897 _d152897 |
||